| 000 | 01130cam a2200337Ia 4500 | ||
|---|---|---|---|
| 001 | 52840 | ||
| 005 | 20230404130052.0 | ||
| 008 | 030909s2002 cu b 000 0 spa d | ||
| 010 | _a 2003460370 | ||
| 035 | _a(OCoLC)ocm52996555 | ||
| 040 |
_aGZM _cGZM _dOCLCQ _dDLC |
||
| 020 | _a9591006942 (pbk.) | ||
| 020 | _a9789591006943 (pbk.) | ||
| 043 | _anwcu--- | ||
| 050 | 1 | 4 |
_a107 NX 525 _bS678 2002 |
| 245 | 0 | 0 |
_aSociedad cultural nuestro tiempo : _bresistencia y acción / _ccompilación e introducción, Ricardo Luis Hernández Otero. |
| 260 |
_aLa Habana, Cuba : _bEditorial Letras Cubanas, _cc2002. |
||
| 300 |
_a331 p. ; _c19 cm. |
||
| 490 | 1 | _aEnsayo | |
| 504 | _aIncludes bibliographical references. | ||
| 610 | 2 | 0 | _aSociedad Cultural Nuestro Tiempo. |
| 630 | 0 | 0 | _aNuestro tiempo (Havana, Cuba) |
| 650 | 0 |
_aArts, Cuban _y20th century _xHistory _vSources. |
|
| 700 | 1 | _aHernández Otero, Ricardo Luis. | |
| 710 | 2 | _aSociedad Cultural Nuestro Tiempo. | |
| 730 | 0 | _aNuestro tiempo (Havana, Cuba) | |
| 830 | 0 | _aEnsayo (Editorial Letras Cubanas) | |
| 942 |
_2lcc _cbk |
||
| 946 | _aclperez | ||
| 994 |
_aC0 _bDRFGD |
||
| 999 |
_c10329 _d10329 |
||